00717nam a2200241 a 450000100060000000300080000600500170001400800410003102000150007203500190008704000350010604100080014108200220014910000250017124500790019625000120027526000370028730000360032450400510036065000150041165000270042670000220045361033BD-RjUL20211209080920.0170114s1983 ilua b 001 0 eng d a025602801X a(BD-RjUL)61157 aBD-RjULcBD-RjULdBD-RjULbeng aeng00a657223bSHA 19831 aShillinglaw, Gordon.10aAccounting :ba management approach /cGordon Shillinglaw, Philip E. Meyer a7th ed. aHomewood, Ill. :bIrwin,cc1983. axxiii, 918 p. :bill. ;c25 cm. aIncludes bibliographical references and index. 0aAccounting 0aManagerial accounting.1 a Meyer, Philip E.